Pilotes de Formule 1 - Vainqueurs de Grand Prix - Statistiques

Statistiques générales
  • Ce quiz a été pris 82 fois
  • Le résultat moyen est 41 sur 115
Statistiques - réponses
Victoires Pilote % Correct
105 Lewis Hamilton
99%
41 Ayrton Senna
97%
71 Max Verstappen
97%
51 Alain Prost
91%
53 Sebastian Vettel
90%
32 Fernando Alonso
88%
91 Michael Schumacher
88%
6 Ralf Schumacher
88%
1 Pierre Gasly
84%
1 Esteban Ocon
82%
21 Kimi Raikkonen
81%
8 Charles Leclerc
78%
11 Lando Norris
78%
9 Oscar Piastri
78%
25 Niki Lauda
75%
24 Juan Manuel Fangio
72%
5 Keke Rosberg
69%
23 Nico Rosberg
69%
4 Carlos Sainz
67%
15 Jenson Button
67%
6 Sergio Perez
67%
8 Daniel Ricciardo
64%
10 Valtteri Bottas
64%
31 Nigel Mansell
63%
6 Gilles Villeneuve
61%
11 Jacques Villeneuve
61%
22 Damon Hill
58%
5 Georges Russell
58%
14 Graham Hill
58%
1 Jochen Mass
58%
20 Mika Hakkinen
58%
3 Phil Hill
58%
23 Nelson Piquet
57%
11 Felipe Massa
55%
9 Mark Webber
51%
13 Alberto Ascari
48%
10 James Hunt
48%
1 Olivier Panis
45%
5 Giuseppe Farina
43%
14 Jack Brabham
43%
1 Jean Alesi
43%
14 Emerson Fittipaldi
42%
1 Pastor Maldonado
42%
11 Rubens Barichello
42%
25 Jim Clark
40%
7 Juan Pablo Montoya
37%
10 Jody Scheckter
36%
12 Marion Andretti
36%
12 Alan Jones
34%
8 Jacky Ickx
34%
16 Stirling Moss
34%
3 Mike Hawthorn
33%
4 Bruce Mclaren
31%
8 Denny Hulme
31%
3 Giancarlo Fisichella
31%
27 Jackie Stewart
31%
6 Jacques Laffite
30%
1 Jarno Trulli
30%
6 Jochen Rindt
30%
1 Robert Kubica
30%
10 Gerhard Berger
28%
2 Jean-Pierre Jabouille
28%
7 René Arnoux
28%
4 Eddie Irvine
25%
6 John Surtees
25%
2 Patrick Tambay
25%
12 Carlos Reutemann
24%
6 Riccardo Patrese
24%
2 Maurice Trintignant
22%
10 Ronnie Peterson
22%
5 Clay Regazzoni
21%
2 Elio De Angelis
21%
1 François Cevert
21%
3 Johnny Herbert
19%
5 Michele Alboreto
16%
2 Patrick Depailler
16%
3 Thierry Boutsen
16%
3 Didier Pironi
15%
1 Jean-Pierre Beltoise
15%
5 John Watson
13%
2 Pedro Rodriguez
13%
6 Tony Brooks
13%
1 Alessandro Nannini
12%
1 Carlos Pace
10%
4 Dan Gurney
10%
2 Wolfgang von Trips
10%
1 Heikki Kovaleinen
9%
1 Lorenzo Bandini
9%
2 Peter Revson
9%
1 Piero Taruffi
9%
3 Heinz-Harald Fretzen
7%
1 Jo Bonnier
7%
2 Jo Siffert
7%
1 Ludovico Scarfiotti
7%
1 Luigi Musso
7%
3 Peter Collins
7%
1 Peter Gethin
7%
1 Richie Ginther
7%
1 Giancarlo Baghetti
6%
1 Gunnar Nilsson
6%
1 Innes Ireland
6%
2 Jose-Froilan Gonzales
6%
1 Vittorio Brambilla
6%
1 Luigi Fagioli
4%
2 Bill Vucovich
3%
1 Bob Sweikert
3%
1 Jimmy Bryan
3%
1 Jim Rathmann
3%
1 Johnnie Parsons
3%
1 Lee Wallard
3%
1 Pat Flaherty
3%
1 Rodger Ward
3%
1 Troy Ruttman
3%
13 David Couthard
1%
1 Sam Hanks
1%
Aucun quiz correspondant
Distribution des résultats
% des personnes avec chaque résultat
Percentile par nombre de réponses
Votre historique - résultats
Vous n’avez pas pris ce quiz